[Event "Hastings Masters"]
[Site "Hastings, England"]
[Date "2015.01.02"
[Round "5.21"]
[White "Barton, R Alan"]
[WhiteElo "2042"]
[Black "Longson, Alexander"]
[BlackElo "2339"]
[Result "1/2-1/2"]

1. d4 {[%clk 1:40:54]} Nf6 {[%clk 1:40:53]} 2. Bg5 {[%clk 1:40:35]} Ne4
{[%clk 1:36:47]} 3. Bf4 {[%clk 1:41:00]} d5 {[%clk 1:37:06]} 4. e3
{[%clk 1:39:30]} c5 {[%clk 1:36:03]} 5. c3 {[%clk 1:39:20]} Nc6 {[%clk 1:33:08]}
6. Nd2 {[%clk 1:36:21]} Bf5 {[%clk 1:14:56]} 7. Ngf3 {[%clk 1:33:43]} cxd4
{[%clk 1:08:56]} 8. exd4 {[%clk 1:34:03]} Nxd2 {[%clk 1:05:10]} 9. Qxd2
{[%clk 1:33:35]} e6 {[%clk 1:05:07]} 10. Bd3 {[%clk 1:32:08]} Bxd3
{[%clk 0:59:20]} 11. Qxd3 {[%clk 1:32:34]} Bd6 {[%clk 0:58:16]} 12. Bxd6
{[%clk 1:27:25]} Qxd6 {[%clk 0:58:43]} 13. O-O {[%clk 1:27:11]} O-O-O
{[%clk 0:53:51]} 14. Rfe1 {[%clk 1:23:53]} f6 {[%clk 0:46:59]} 15. Re2
{[%clk 1:19:45]} g6 {[%clk 0:45:29]} 16. Rae1 {[%clk 1:11:29]} Rhe8
{[%clk 0:45:54]} 17. Nd2 {[%clk 0:59:13]} Re7 {[%clk 0:39:50]} 18. Nb3
{[%clk 0:52:59]} Kb8 {[%clk 0:34:46]} 19. Qb5 {[%clk 0:48:35]} a6
{[%clk 0:27:08]} 20. Qc5 {[%clk 0:44:17]} Kc7 {[%clk 0:24:53]} 21. Qxd6+
{[%clk 0:40:59]} Kxd6 {[%clk 0:25:10]} 22. f4 {[%clk 0:38:46]} h6
{[%clk 0:23:26]} 23. Rf1 {[%clk 0:34:31]} Rf8 {[%clk 0:22:32]} 24. Ref2
{[%clk 0:32:29]} Ref7 {[%clk 0:18:35]} 25. h4 {[%clk 0:28:57]} h5
{[%clk 0:18:19]} 26. Re1 {[%clk 0:24:59]} b6 {[%clk 0:18:14]} 27. g3
{[%clk 0:20:17]} Re7 {[%clk 0:18:09]} 28. Kg2 {[%clk 0:19:54]} Nd8
{[%clk 0:18:14]} 29. Nc1 {[%clk 0:18:58]} Nf7 {[%clk 0:17:21]} 30. Nd3
{[%clk 0:18:52]} Nh6 {[%clk 0:16:42]} 31. Rfe2 {[%clk 0:18:01]} Nf5
{[%clk 0:15:55]} 32. a3 {[%clk 0:16:31]} Rg8 {[%clk 0:14:40]} 33. Kh2
{[%clk 0:13:52]} Kd7 {[%clk 0:12:48]} 34. Kh3 {[%clk 0:11:15]} Rc8
{[%clk 0:12:21]} 35. Rg1 {[%clk 0:10:00]} a5 {[%clk 0:09:44]} 36. Rge1
{[%clk 0:09:12]} Nd6 {[%clk 0:09:15]} 37. Nf2 {[%clk 0:08:31]} Rg8
{[%clk 0:08:16]} 38. Rg1 {[%clk 0:07:31]} Rh8 {[%clk 0:04:48]} 39. Rd1
{[%clk 0:04:58]} Ke8 {[%clk 0:04:00]} 40. Rde1 {[%clk 0:03:43]} Kf7
{[%clk 0:03:54]} 41. Rf1 {[%clk 0:03:04]} Rc7 {[%clk 0:03:33]} 42. Rfe1
{[%clk 0:01:07]} Re8 {[%clk 0:03:43]} 43. Kh2 {[%clk 0:50:03]} Rc4
{[%clk 0:51:18]} 44. Nd3 {[%clk 0:43:47]} Ne4 {[%clk 0:46:58]} 45. Nf2
{[%clk 0:44:15]} Nd6 {[%clk 0:43:27]} 46. Nd3 {[%clk 0:41:30]} Ne4
{[%clk 0:38:02]} 47. Nf2 {[%clk 0:41:42]} Nxf2 {[%clk 0:38:27]} 48. Rxf2
{[%clk 0:41:41]} Rec8 {[%clk 0:38:12]} 49. Rd2 {[%clk 0:36:24]} b5
{[%clk 0:37:12]} 50. Re3 {[%clk 0:31:56]} b4 {[%clk 0:31:11]} 51. axb4
{[%clk 0:32:23]} axb4 {[%clk 0:31:38]} 52. cxb4 {[%clk 0:28:00]} Rxb4
{[%clk 0:28:39]} 53. Ra3 {[%clk 0:26:30]} Rcb8 {[%clk 0:25:34]} 54. Ra7+
{[%clk 0:23:53]} Kf8 {[%clk 0:19:19]} 55. Kh3 {[%clk 0:23:02]} Rxb2
{[%clk 0:16:07]} 56. Rxb2 {[%clk 0:23:29]} Rxb2 {[%clk 0:16:34]} 57. Ra8+
{[%clk 0:22:54]} Kf7 {[%clk 0:16:51]} 58. Ra7+ {[%clk 0:23:10]} Kf8
{[%clk 0:23:45]} 59. Ra8+ {[%clk 0:23:18]} Kg7 {[%clk 0:17:41]} 60. Ra7+
{[%clk 0:23:23]} Kh6 {[%clk 0:17:53]} 61. Rf7 {[%clk 0:18:42]} Re2
{[%clk 0:17:16]} 62. Re7 {[%clk 0:10:53]} g5 {[%clk 0:13:09]} 63. hxg5+
{[%clk 0:09:17]} fxg5 {[%clk 0:13:35]} 64. fxg5+ {[%clk 0:08:41]} Kxg5
{[%clk 0:14:00]} 65. Rg7+ {[%clk 0:05:42]} Kf6 {[%clk 0:07:09]} 66. Rh7
{[%clk 0:04:17]} Kg6 {[%clk 0:06:11]} 67. Re7 {[%clk 0:04:41]} Re4
{[%clk 0:05:09]} 68. Re8 {[%clk 0:01:26]} Kf7 {[%clk 0:03:02]} 69. Rh8
{[%clk 0:01:50]} Rxd4 {[%clk 0:02:49]} 70. Rxh5 {[%clk 0:02:16]} Kg6
{[%clk 0:01:57]} 71. g4 {[%clk 0:01:03]} Rf4 {[%clk 0:00:43]} 72. Kg3
{[%clk 0:00:38]} Rf8 {[%clk 0:00:54]} 73. Rh1 {[%clk 0:15:00]} Ra8
{[%clk 0:13:07]} 74. Re1 {[%clk 0:12:56]} Ra3+ {[%clk 0:10:29]} 75. Kh4
{[%clk 0:11:48]} Ra6 {[%clk 0:09:02]} 76. Rd1 {[%clk 0:11:14]} Ra8
{[%clk 0:09:13]} 77. Re1 {[%clk 0:10:35]} Re8 {[%clk 0:09:31]} 78. Rd1
{[%clk 0:10:27]} Kf6 {[%clk 0:07:55]} 79. g5+ {[%clk 0:09:22]} Kf5
{[%clk 0:07:07]} 80. Rf1+ {[%clk 0:09:47]} Ke4 {[%clk 0:07:24]} 81. g6
{[%clk 0:09:29]} Ke3 {[%clk 0:05:49]} 82. Kg5 {[%clk 0:09:48]} Ke2
{[%clk 0:05:29]} 83. Rf7 {[%clk 0:08:11]} d4 {[%clk 0:03:46]} 84. g7
{[%clk 0:08:21]} Rg8 {[%clk 0:03:43]} 85. Kf6 {[%clk 0:06:54]} d3
{[%clk 0:03:54]} 86. Re7 {[%clk 0:06:13]} Rd8 {[%clk 0:02:50]} 87. Rxe6+
{[%clk 0:04:44]} Kf2 {[%clk 0:03:10]} 88. Ra6 {[%clk 0:02:46]} d2
{[%clk 0:02:12]} 89. Ra1 {[%clk 0:03:14]} Ke2 {[%clk 0:02:13]} 90. Kf7
{[%clk 0:03:15]} Rd7+ {[%clk 0:02:38]} 91. Kf6 {[%clk 0:02:14]} Rxg7
{[%clk 0:03:00]} 92. Kxg7 {[%clk 0:02:27]} d1=Q {[%clk 0:03:24]} 93. Rxd1 Kxd1
1/2-1/2

[Event "Hastings Masters"]
[Site "Hastings, England"]
[Date "2015.01.02"
[Round "5.22"]
[White "Webb, Laurence E"]
[WhiteElo "2272"]
[Black "Armstrong, Malcolm J"]
[BlackElo "2086"]
[Result "1-0"]

1. e4 {[%clk 1:40:57]} e6 {[%clk 1:40:45]} 2. d4 {[%clk 1:41:05]} d5
{[%clk 1:41:07]} 3. e5 {[%clk 1:40:58]} c5 {[%clk 1:41:28]} 4. c3
{[%clk 1:41:26]} Nc6 {[%clk 1:41:51]} 5. Nf3 {[%clk 1:41:53]} Bd7
{[%clk 1:40:46]} 6. Be2 {[%clk 1:42:11]} f6 {[%clk 1:40:23]} 7. O-O
{[%clk 1:41:55]} fxe5 {[%clk 1:39:25]} 8. Nxe5 {[%clk 1:42:02]} Nxe5
{[%clk 1:39:37]} 9. dxe5 {[%clk 1:42:29]} Qc7 {[%clk 1:37:28]} 10. c4
{[%clk 1:40:44]} d4 {[%clk 1:36:08]} 11. Re1 {[%clk 1:34:58]} O-O-O
{[%clk 1:33:17]} 12. Bd3 {[%clk 1:34:45]} Bc6 {[%clk 1:18:46]} 13. b4
{[%clk 1:28:48]} cxb4 {[%clk 1:15:51]} 14. a3 {[%clk 1:28:42]} Kb8
{[%clk 1:08:32]} 15. axb4 {[%clk 1:24:11]} Bxb4 {[%clk 1:08:09]} 16. Bd2
{[%clk 1:22:58]} Bc5 {[%clk 1:04:55]} 17. Na3 {[%clk 1:22:22]} Ne7
{[%clk 0:52:37]} 18. Nb5 {[%clk 1:12:47]} Qd7 {[%clk 0:52:07]} 19. Nd6
{[%clk 1:10:15]} Rdf8 {[%clk 0:52:07]} 20. Ne4 {[%clk 1:10:15]} Bb6
{[%clk 0:52:07]} 21. Bb4 {[%clk 1:10:15]} Ng6 {[%clk 0:52:07]} 22. Bd6+
{[%clk 1:10:15]} Bc7 {[%clk 0:52:07]} 23. Nc5 {[%clk 1:10:15]} Qe8
{[%clk 0:52:07]} 24. Qb1 {[%clk 1:10:15]} Bxd6 {[%clk 0:52:07]} 25. exd6
{[%clk 1:10:15]} Qf7 {[%clk 0:52:07]} 26. Qa2 {[%clk 1:10:15]} Kc8
{[%clk 0:52:07]} 27. f3 {[%clk 1:10:15]} a6 {[%clk 0:52:07]} 28. Nxe6
{[%clk 1:10:15]} Nf4 {[%clk 0:52:07]} 29. Nxd4 {[%clk 1:10:15]} Nxd3
{[%clk 0:52:07]} 30. Re7 {[%clk 1:10:15]} Nb4 {[%clk 0:52:07]} 31. Qa5
{[%clk 1:10:15]} 1-0

[Event "Hastings Masters"]
[Site "Hastings, England"]
[Date "2015.01.02"
[Round "5.23"]
[White "Kiefer, Daniel"]
[WhiteElo "2255"]
[Black "Vanheirzeele, Daniel"]
[BlackElo "2081"]
[Result "1/2-1/2"]

1. e4 {[%clk 1:40:56]} c5 {[%clk 1:40:54]} 2. Nf3 {[%clk 1:41:22]} d6
{[%clk 1:41:19]} 3. d4 {[%clk 1:41:47]} cxd4 {[%clk 1:41:44]} 4. Nxd4
{[%clk 1:42:14]} Nf6 {[%clk 1:42:07]} 5. Nc3 {[%clk 1:42:39]} g6 {[%clk 1:42:33]}
6. Be3 {[%clk 1:42:54]} Bg7 {[%clk 1:42:56]} 7. f3 {[%clk 1:43:10]} Nc6
{[%clk 1:41:52]} 8. Qd2 {[%clk 1:43:31]} O-O {[%clk 1:42:09]} 9. g4
{[%clk 1:43:45]} Be6 {[%clk 1:41:14]} 10. O-O-O {[%clk 1:43:53]} Nxd4
{[%clk 1:40:56]} 11. Bxd4 {[%clk 1:44:15]} Qa5 {[%clk 1:41:22]} 12. a3
{[%clk 1:43:32]} Rab8 {[%clk 1:41:19]} 13. h4 {[%clk 1:41:53]} b5 14. Nd5
{[%clk 1:36:36]} Qxd2+ {[%clk 1:40:42]} 15. Rxd2 {[%clk 1:36:33]} Bxd5 16. exd5
b4 {[%clk 1:22:14]} 17. axb4 {[%clk 1:14:08]} Rxb4 {[%clk 1:21:42]} 18. c3
{[%clk 1:14:23]} Rb7 {[%clk 1:02:39]} 19. Ba6 {[%clk 0:55:00]} Rc7
{[%clk 0:54:37]} 20. Re1 {[%clk 0:47:38]} Rb8 {[%clk 0:54:04]} 21. Kb1
{[%clk 0:46:49]} Ne8 {[%clk 0:47:07]} 22. Kc2 {[%clk 0:37:13]} Kf8
{[%clk 0:37:33]} 23. Ra1 {[%clk 0:32:56]} Bxd4 {[%clk 0:28:06]} 24. Rxd4
{[%clk 0:33:20]} Nf6 {[%clk 0:28:28]} 25. b4 {[%clk 0:26:22]} e5 {[%clk 0:20:52]}
26. dxe6 {[%clk 0:23:53]} fxe6 {[%clk 0:20:00]} 27. Kb3 {[%clk 0:15:19]} d5
{[%clk 0:17:08]} 28. c4 {[%clk 0:11:42]} Nd7 {[%clk 0:10:16]} 29. Kc3
{[%clk 0:10:13]} Ne5 {[%clk 0:10:01]} 30. c5 {[%clk 0:06:50]} Rf7
{[%clk 0:07:08]} 31. b5 {[%clk 0:04:21]} Rxf3+ {[%clk 0:07:02]} 32. Kc2
{[%clk 0:03:59]} Ke7 {[%clk 0:05:06]} 33. Re1 {[%clk 0:03:47]} Nc4
{[%clk 0:04:35]} 34. Kc1 {[%clk 0:02:03]} Rbf8 {[%clk 0:03:09]} 35. Re2
{[%clk 0:01:08]} Rc3+ {[%clk 0:02:45]} 36. Kd1 {[%clk 0:00:54]} Rf1+
{[%clk 0:02:04]} 37. Re1 {[%clk 0:01:21]} Rf2 {[%clk 0:01:16]} 38. Re2
{[%clk 0:01:25]} Rf1+ {[%clk 0:01:22]} 39. Re1 {[%clk 0:01:54]} Rf2
{[%clk 0:01:20]} 40. Re2 {[%clk 0:02:18]} Rf1+ {[%clk 0:00:53]} 41. Re1 1/2-1/2

[Event "Hastings Masters"]
[Site "Hastings, England"]
[Date "2015.01.02"
[Round "5.24"]
[White "Sikkel, Dirk"]
[WhiteElo "2010"]
[Black "Ledger, Dave J"]
[BlackElo "2244"]
[Result "0-1"]

1. e4 {[%clk 1:40:56]} e5 {[%clk 1:40:55]} 2. Nf3 {[%clk 1:41:19]} Nc6
{[%clk 1:41:19]} 3. Bb5 {[%clk 1:41:33]} a6 {[%clk 1:41:11]} 4. Bxc6
{[%clk 1:41:54]} dxc6 {[%clk 1:41:17]} 5. O-O {[%clk 1:42:14]} Bd6
{[%clk 1:40:21]} 6. d4 {[%clk 1:41:44]} exd4 {[%clk 1:40:45]} 7. Qxd4
{[%clk 1:41:34]} f6 {[%clk 1:40:20]} 8. Re1 {[%clk 1:39:27]} Ne7 {[%clk 1:07:40]}
9. Be3 {[%clk 1:27:00]} Ng6 {[%clk 0:59:41]} 10. Nbd2 {[%clk 1:19:29]} Be6
{[%clk 0:58:57]} 11. Nc4 {[%clk 1:08:28]} Bb4 {[%clk 0:48:07]} 12. Ncd2
{[%clk 0:52:03]} Qxd4 {[%clk 0:47:30]} 13. Nxd4 {[%clk 0:49:47]} Bd7
{[%clk 0:42:30]} 14. c3 {[%clk 0:49:07]} Bd6 {[%clk 0:39:23]} 15. Nc4
{[%clk 0:48:55]} O-O-O {[%clk 0:32:21]} 16. Nxd6+ {[%clk 0:43:14]} cxd6
{[%clk 0:32:47]} 17. Rad1 {[%clk 0:42:31]} Ne5 {[%clk 0:29:43]} 18. b3
{[%clk 0:40:29]} g6 {[%clk 0:25:11]} 19. h3 {[%clk 0:38:45]} Rhe8
{[%clk 0:22:14]} 20. f3 {[%clk 0:34:20]} Kc7 {[%clk 0:21:13]} 21. Kf2
{[%clk 0:29:13]} b5 {[%clk 0:18:47]} 22. Re2 {[%clk 0:19:12]} a5 {[%clk 0:16:59]}
23. Nc2 {[%clk 0:14:24]} c5 {[%clk 0:12:37]} 24. Bf4 {[%clk 0:14:31]} Be6
{[%clk 0:12:18]} 25. Bxe5 {[%clk 0:14:24]} dxe5 {[%clk 0:12:35]} 26. Red2
{[%clk 0:14:31]} Rxd2+ {[%clk 0:11:42]} 27. Rxd2 {[%clk 0:14:59]} a4
{[%clk 0:09:58]} 28. bxa4 {[%clk 0:12:38]} bxa4 {[%clk 0:10:25]} 29. Ne3
{[%clk 0:12:19]} Rb8 {[%clk 0:10:02]} 30. c4 {[%clk 0:09:10]} Rb4 31. Rc2
{[%clk 0:07:37]} a3 {[%clk 0:07:29]} 32. Ke2 {[%clk 0:07:41]} f5 {[%clk 0:06:29]}
33. Nd5+ {[%clk 0:04:47]} Bxd5 {[%clk 0:06:52]} 34. exd5 {[%clk 0:05:02]} Rb1
{[%clk 0:06:16]} 35. Kd3 {[%clk 0:04:57]} Kd6 {[%clk 0:05:43]} 36. Rc3
{[%clk 0:04:46]} Rd1+ {[%clk 0:03:06]} 37. Ke2 {[%clk 0:03:14]} Rd4
{[%clk 0:03:29]} 38. g3 {[%clk 0:02:56]} g5 {[%clk 0:03:21]} 39. Ke3
{[%clk 0:03:05]} h5 {[%clk 0:03:33]} 40. Ke2 {[%clk 0:01:58]} Kd7 41. Ke3
{[%clk 0:38:53]} Kd6 {[%clk 0:45:48]} 42. Ke2 {[%clk 0:38:38]} h4
{[%clk 0:43:40]} 43. g4 {[%clk 0:37:45]} f4 {[%clk 0:43:43]} 44. Ke1
{[%clk 0:28:22]} e4 {[%clk 0:42:46]} 45. fxe4 {[%clk 0:28:43]} Ke5
{[%clk 0:41:42]} 46. Rxa3 Rxc4 47. Ra8 {[%clk 0:18:36]} Rxe4+ {[%clk 0:40:25]}
48. Kf2 {[%clk 0:18:41]} Kxd5 {[%clk 0:40:33]} 49. Rg8 Re5 50. a4
{[%clk 4:06:12]} c4 {[%clk 0:34:28]} 51. a5 Ke4 52. a6 {[%clk 0:15:02]} Ra5
{[%clk 0:31:25]} 53. a7 {[%clk 0:14:54]} Rxa7 54. Rxg5 {[%clk 0:15:17]} Ra2+
{[%clk 0:31:52]} 0-1

[Event "Hastings Masters"]
[Site "Hastings, England"]
[Date "2015.01.02"
[Round "5.25"]
[White "Eames, Robert S"]
[WhiteElo "2237"]
[Black "Mann, Johannes"]
[BlackElo "2080"]
[Result "1/2-1/2"]

1. e4 {[%clk 1:39:45]} c6 {[%clk 1:40:49]} 2. d4 {[%clk 1:39:27]} d5
{[%clk 1:41:08]} 3. Nd2 {[%clk 1:39:27]} dxe4 {[%clk 1:41:28]} 4. Nxe4
{[%clk 1:39:51]} Bf5 {[%clk 1:41:47]} 5. Ng3 {[%clk 1:39:11]} Bg6
{[%clk 1:42:10]} 6. h4 {[%clk 1:39:30]} h6 {[%clk 1:42:34]} 7. Nf3
{[%clk 1:39:47]} Nd7 {[%clk 1:42:58]} 8. h5 {[%clk 1:40:03]} Bh7 {[%clk 1:43:22]}
9. Bd3 {[%clk 1:40:23]} Bxd3 {[%clk 1:43:46]} 10. Qxd3 {[%clk 1:40:49]} e6
{[%clk 1:43:58]} 11. Bd2 {[%clk 1:40:37]} Ngf6 {[%clk 1:44:16]} 12. O-O-O
{[%clk 1:40:07]} Be7 {[%clk 1:44:04]} 13. Ne4 {[%clk 1:37:09]} O-O
{[%clk 1:42:25]} 14. g4 {[%clk 1:35:19]} Nxe4 {[%clk 1:24:03]} 15. Qxe4
{[%clk 1:35:38]} Nf6 {[%clk 1:24:29]} 16. Qe2 {[%clk 1:34:02]} Qd5
{[%clk 1:24:44]} 17. c4 {[%clk 1:33:31]} Qe4 {[%clk 1:25:05]} 18. Qxe4
{[%clk 1:32:48]} Nxe4 {[%clk 1:25:29]} 19. Be3 {[%clk 1:32:37]} f5
{[%clk 1:19:15]} 20. gxf5 {[%clk 1:24:35]} Rxf5 {[%clk 1:14:53]} 21. Nh4
{[%clk 1:22:12]} Rxh5 {[%clk 1:14:39]} 22. Ng6 {[%clk 1:21:02]} Rxh1
{[%clk 1:14:20]} 23. Rxh1 {[%clk 1:19:31]} Bf6 {[%clk 1:10:35]} 24. Nf4
{[%clk 1:11:50]} Kf7 {[%clk 1:06:34]} 25. Rd1 {[%clk 1:10:02]} Rd8
{[%clk 1:04:22]} 26. Kc2 {[%clk 1:02:04]} b6 {[%clk 0:53:28]} 27. b4 g5
{[%clk 0:44:48]} 28. Nh5 {[%clk 0:56:03]} Kg6 {[%clk 0:37:03]} 29. Nxf6
{[%clk 0:54:16]} Nxf6 {[%clk 0:34:00]} 30. a4 {[%clk 0:54:16]} Ng4
{[%clk 0:30:24]} 31. b5 {[%clk 0:53:20]} cxb5 {[%clk 0:25:07]} 32. axb5
{[%clk 0:50:01]} Rc8 33. Kd3 {[%clk 0:48:44]} Kf5 {[%clk 0:22:39]} 34. Rc1 h5
{[%clk 0:17:55]} 35. c5 {[%clk 0:48:29]} bxc5 {[%clk 0:17:54]} 36. dxc5
{[%clk 0:33:15]} h4 {[%clk 0:08:53]} 37. c6 {[%clk 0:28:05]} Nxe3
{[%clk 0:09:09]} 38. Kxe3 {[%clk 0:28:04]} Ke5 {[%clk 0:04:48]} 39. Rc5+
{[%clk 0:26:26]} Kd6 {[%clk 0:04:09]} 1/2-1/2

[Event "Hastings Masters"]
[Site "Hastings, England"]
[Date "2015.01.02"
[Round "5.27"]
[White "Ternault, Mathieu"]
[WhiteElo "2225"]
[Black "Ramstad, Havard"]
[BlackElo "2063"]
[Result "1-0"]

1. d4 {[%clk 1:40:57]} e6 {[%clk 1:40:13]} 2. c4 {[%clk 1:41:02]} Nf6
{[%clk 1:40:23]} 3. Nc3 {[%clk 1:41:28]} d5 {[%clk 1:39:25]} 4. Nf3
{[%clk 1:41:55]} Be7 {[%clk 1:39:08]} 5. Bg5 {[%clk 1:42:19]} O-O
{[%clk 1:39:00]} 6. e3 {[%clk 1:42:46]} b6 {[%clk 1:38:55]} 7. Qc2
{[%clk 1:36:06]} Bb7 {[%clk 1:38:56]} 8. cxd5 {[%clk 1:34:35]} Nxd5
{[%clk 1:38:20]} 9. Bxe7 {[%clk 1:29:27]} Qxe7 {[%clk 1:38:30]} 10. Nxd5
{[%clk 1:28:11]} exd5 {[%clk 1:38:36]} 11. Bd3 {[%clk 1:16:39]} h6
{[%clk 1:38:46]} 12. Rc1 {[%clk 1:13:52]} c6 {[%clk 1:35:14]} 13. Ne5
{[%clk 1:06:59]} c5 {[%clk 1:32:15]} 14. O-O {[%clk 1:05:08]} a5 {[%clk 1:22:38]}
15. f4 {[%clk 0:52:31]} Nc6 {[%clk 1:15:16]} 16. Qf2 {[%clk 0:52:47]} Rac8
{[%clk 1:08:16]} 17. a3 {[%clk 0:45:40]} cxd4 {[%clk 1:02:28]} 18. exd4
{[%clk 0:41:47]} Nxe5 {[%clk 0:57:54]} 19. dxe5 {[%clk 0:40:28]} Qd8
{[%clk 0:49:18]} 20. Qd4 {[%clk 0:37:36]} Rc6 {[%clk 0:40:50]} 21. Bb1
{[%clk 0:31:59]} Qc8 {[%clk 0:34:27]} 22. Qd3 {[%clk 0:24:04]} g6
{[%clk 0:33:59]} 23. Rxc6 {[%clk 0:19:55]} Qxc6 {[%clk 0:33:52]} 24. f5
{[%clk 0:18:15]} d4 {[%clk 0:31:19]} 25. Qg3 {[%clk 0:18:37]} Ba6
{[%clk 0:27:07]} 26. Re1 {[%clk 0:13:31]} d3 {[%clk 0:25:11]} 27. Bxd3
{[%clk 0:10:53]} Qc5+ {[%clk 0:22:05]} 28. Kf1 {[%clk 0:07:59]} Bxd3+
{[%clk 0:21:45]} 29. Qxd3 {[%clk 0:08:26]} g5 {[%clk 0:21:47]} 30. f6
{[%clk 0:07:06]} Re8 {[%clk 0:19:26]} 31. e6 {[%clk 0:06:50]} Rxe6
{[%clk 0:17:09]} 32. Rxe6 {[%clk 0:07:13]} fxe6 {[%clk 0:17:17]} 33. Qg6+
{[%clk 0:07:35]} 1-0

[Event "Hastings Masters"]
[Site "Hastings, England"]
[Date "2015.01.02"
[Round "5.28"]
[White "Kheit, Wahbi"]
[WhiteElo "2223"]
[Black "Roggensack, Hans Peter"]
[BlackElo "2010"]
[Result "1-0"]

1. d4 {[%clk 1:29:39]} d5 {[%clk 1:40:42]} 2. c4 {[%clk 1:30:02]} c6
{[%clk 1:40:56]} 3. Nf3 {[%clk 1:24:16]} e6 {[%clk 1:37:26]} 4. Nc3
{[%clk 1:24:02]} dxc4 {[%clk 1:37:29]} 5. a4 {[%clk 1:24:16]} Bb4
{[%clk 1:37:15]} 6. e3 {[%clk 1:24:26]} b5 {[%clk 1:37:11]} 7. Bd2
{[%clk 1:24:05]} Bb7 {[%clk 1:36:02]} 8. b3 {[%clk 1:23:17]} a5 {[%clk 1:33:02]}
9. bxc4 {[%clk 1:22:57]} Bxc3 {[%clk 1:33:05]} 10. Bxc3 {[%clk 1:23:13]} b4
{[%clk 1:33:34]} 11. Bb2 {[%clk 1:21:31]} Nf6 {[%clk 1:33:52]} 12. Bd3
{[%clk 1:19:33]} c5 {[%clk 1:31:14]} 13. O-O {[%clk 1:19:01]} Nc6
{[%clk 1:30:09]} 14. d5 {[%clk 1:16:05]} exd5 {[%clk 1:29:55]} 15. Qc2
{[%clk 1:14:38]} d4 {[%clk 1:27:40]} 16. exd4 {[%clk 1:13:41]} cxd4
{[%clk 1:28:06]} 17. Rfe1+ {[%clk 1:13:44]} Kf8 {[%clk 1:28:33]} 18. c5
{[%clk 1:11:55]} Qd5 {[%clk 1:17:27]} 19. Bb5 {[%clk 1:10:21]} g6
{[%clk 1:12:14]} 20. Rad1 {[%clk 1:10:08]} Kg7 {[%clk 1:03:11]} 21. Bxc6
{[%clk 1:08:20]} Qxc6 {[%clk 1:03:24]} 22. Rxd4 {[%clk 1:06:23]} Rhd8
{[%clk 1:01:02]} 23. Rf4 {[%clk 1:03:39]} 1-0

[Event "Hastings Masters"]
[Site "Hastings, England"]
[Date "2015.01.02"
[Round "5.29"]
[White "Norinkeviciute, Rasa"]
[WhiteElo "2009"]
[Black "Marusenko, Petr"]
[BlackElo "2194"]
[Result "1-0"]

1. c4 f5 2. g3 Nf6 3. Bg2 g6 4. Nc3 Bg7 5. d3 O-O 6. e4 d6 7. Nge2 e5 8. O-O
Nc6 9. Rb1 Be6 10. Nd5 Qd7 11. b4 Rae8 12. b5 Nd8 13. Be3 Nh5 14. exf5 Bxf5 15.
Qd2 Bh3 16. f3 Bxg2 17. Kxg2 Ne6 18. Rbe1 Nd4 19. Nxd4 exd4 20. Bg5 c6 21. bxc6
bxc6 22. Nf4 Nf6 23. Qf2 Qf5 24. Bxf6 Bxf6 25. Rxe8 Rxe8 26. Re1 Rb8 27. Qc2
Bg5 28. Nh3 Be3 29. Nf2 Qa5 30. Re2 Qb4 31. Ng4 Qb1 32. f4 Qg1+ 33. Kh3 Rf8 34.
Rg2 Qf1 35. Qe2 Qc1 36. Qc2 Rf5 37. Nh6+ 1-0

[Event "Hastings Masters"]
[Site "Hastings, England"]
[Date "2015.01.02"
[Round "5.30"]
[White "Rolvag, Mikael"]
[WhiteElo "2191"]
[Black "ter Steeg, Marcus, Dr."]
[BlackElo "2000"]
[Result "1/2-1/2"]

1. c4 c5 2. g3 Nc6 3. Bg2 g6 4. Nc3 Bg7 5. d3 e5 6. e3 Nge7 7. Nge2 O-O 8. O-O
d6 9. Rb1 Rb8 10. b3 Be6 11. Nd5 Bxd5 12. cxd5 Nb4 13. a3 Nbxd5 14. b4 cxb4 15.
Qb3 Nc3 16. Nxc3 bxc3 17. Qxc3 Qd7 18. Qb3 b5 19. Bd2 Rfc8 20. f4 exf4 21. Rxf4
Qe6 1/2-1/2

[Event "Hastings Masters"]
[Site "Hastings, England"]
[Date "2015.01.02"
[Round "5.31"]
[White "Othman, Mustapha"]
[WhiteElo "1973"]
[Black "Talsma, Paul"]
[BlackElo "2186"]
[Result "0-1"]

1. e4 e5 2. Nf3 Nf6 3. Nxe5 d6 4. Nf3 Nxe4 5. Nc3 Nxc3 6. dxc3 Be7 7. Be3 O-O
8. Bd3 Nd7 9. Qd2 Ne5 10. Nxe5 dxe5 11. O-O-O c6 12. c4 Be6 13. Qc3 Qc7 14. f3
f5 15. c5 Bf6 16. Bc4 Qf7 17. Bxe6 Qxe6 18. Qb3 Qxb3 19. axb3 Rad8 20. c4 Rxd1+
21. Rxd1 Rd8 22. Rd6 Kf7 23. Kc2 Be7 24. Rxd8 Bxd8 25. b4 a6 26. Kb3 Ke6 27.
Ka4 e4 28. f4 h6 29. g3 g5 30. h3 gxf4 31. gxf4 Bc7 32. h4 h5 33. b3 Bd8 34.
Bf2 e3 35. Bxe3 Bxh4 36. b5 Bg3 37. Ka5 axb5 38. cxb5 h4 39. Kb6 h3 40. Kxb7 h2
41. bxc6 h1=Q 42. b4 Qe4 43. b5 Qxe3 44. c7 Qxc5 0-1

[Event "Hastings Masters"]
[Site "Hastings, England"]
[Date "2015.01.02"
[Round "5.32"]
[White "Haussernot, Cecile"]
[WhiteElo "2186"]
[Black "Niccoli, Tony"]
[BlackElo "1996"]
[Result "1-0"]

1. e4 e5 2. Nf3 Nc6 3. d4 exd4 4. Nxd4 Bc5 5. Nb3 Bb6 6. Qe2 d6 7. Be3 Be6 8.
Nc3 Nf6 9. O-O-O Qe7 10. f3 O-O-O 11. g4 h6 12. Bxb6 axb6 13. Nd4 Nxd4 14. Rxd4
Rhe8 15. Qd2 d5 16. exd5 Bxd5 17. Nxd5 Qc5 18. b4 Qc6 19. Ne7+ 1-0

[Event "Hastings Masters"]
[Site "Hastings, England"]
[Date "2015.01.02"
[Round "5.33"]
[White "Jaunooby, Ali R"]
[WhiteElo "2175"]
[Black "Slade, Theodore"]
[BlackElo "1869"]
[Result "1-0"]

1. d4 e6 2. Nf3 Nf6 3. Bf4 c5 4. e3 b6 5. Nbd2 Bb7 6. Bd3 Be7 7. c3 Nc6 8. Qe2
Rc8 9. h3 d6 10. a3 d5 11. g4 Bd6 12. Ne5 Bxe5 13. dxe5 Nd7 14. Bb5 O-O 15. Nf3
f6 16. exf6 Qxf6 17. g5 Qe7 18. Bg3 d4 19. e4 a6 20. Bxa6 Bxa6 21. Qxa6 dxc3
22. bxc3 c4 23. Ke2 Rxf3 24. Qxc8+ Rf8 25. Qxc6 Qf7 26. f4 Ne5 27. Qd6 Qh5+ 28.
Kd2 Qf3 29. Rhg1 Nf7 30. Raf1 Qxe4 31. Qxb6 Rd8+ 32. Kc1 Qd3 33. Rd1 Qxc3+ 34.
Kb1 Ra8 35. Qb4 Qe3 36. Rc1 Nd8 37. Qc3 Rb8+ 38. Ka2 Qa7 39. Qxc4 Qb7 40. Rb1
Qxb1+ 41. Rxb1 1-0

[Event "Hastings Masters"]
[Site "Hastings, England"]
[Date "2015.01.02"
[Round "5.34"]
[White "Burrows, Martin P"]
[WhiteElo "2128"]
[Black "Baterdene, Tsogbayar"]
[BlackElo "1981"]
[Result "0-1"]

1. e4 c5 2. Nf3 d6 3. d4 cxd4 4. Nxd4 Nf6 5. Nc3 a6 6. Be3 e5 7. Nb3 Be6 8. h3
b5 9. a4 b4 10. Nd5 Nbd7 11. Qf3 Bxd5 12. exd5 Be7 13. a5 O-O 14. Bc4 Qc7 15.
Qe2 Qb7 16. Rd1 Ne8 17. O-O Bf6 18. Nd2 g6 19. Bh6 Bg7 20. Bxg7 Nxg7 21. Ne4
Qc7 22. Ra1 f5 23. Ng5 Qb7 24. Ne6 Rfc8 25. f4 Re8 26. Rad1 Nh5 27. Qf2 Nxf4
28. Nxf4 exf4 29. Rfe1 Qc7 30. Rxe8+ Rxe8 31. Bxa6 Qxa5 32. Bc4 Qc5 33. Qxc5
Nxc5 34. Ra1 g5 35. Ra5 g4 36. Rb5 g3 37. Kf1 Ne4 38. Be2 Nd2+ 39. Ke1 f3 40.
gxf3 g2 0-1

[Event "Hastings Masters"]
[Site "Hastings, England"]
[Date "2015.01.02"
[Round "5.35"]
[White "Wallis, Ian J"]
[WhiteElo "2009"]
[Black "Byron, Alan M"]
[BlackElo "2188"]
[Result "0-1"]

1. e4 c6 2. d4 d5 3. f3 e6 4. Nc3 b6 5. Be3 Ba6 6. Bxa6 Nxa6 7. Qe2 Nc7 8. Nh3
Nf6 9. O-O Be7 10. Rad1 O-O 11. Kh1 Qc8 12. Bg5 Re8 13. Qe1 Nd7 14. Qg3 Bxg5
15. Qxg5 Qd8 16. Qg3 Rc8 17. Ne2 Qe7 18. c3 c5 19. e5 a6 20. f4 f5 21. Qf3 Nb5
22. a4 Na7 23. Qd3 Nc6 24. Qxa6 c4 25. Qb5 Rc7 26. Ra1 Ra8 27. b4 Na7 28. Qa6
h6 29. b5 Nb8 30. a5 Nxa6 31. axb6 Nxb5 32. Rfb1 Qd7 33. bxc7 Naxc7 0-1